000 00626nam a2200217 a 4500
001 000020589
003 DO-SdBNP
005 20240412074249.0
008 090818s2014 dr 000 j spa d
020 _a9789945068382
040 _aDO-SdBNP
_bspa
_cBNPHU
082 4 _aRD863.44
_aD249h, 2014
100 1 _aLeón David
_d1945-
_984930
245 1 3 _aEl hombre que descubrió la verdad /
_cLeón David.
260 _aSanto Domingo :
_bSantuario,
_c2014.
300 _a130 p. ;
_c22 cm.
590 _aInventariado, 2020/YL
650 0 _aCuentos dominicanos
_9176
650 0 _aLiteratura dominicana.
_967
942 _2ddc
_cLBS1
999 _c20093
_d20093